000 00489nam a2200145 i 4500
001 41991
003 ES-MaACL
007 t|
008 030312q1880 sp ||||1| spa d
100 1 _aCasas y Gómez de Andino, Hipólito.
_936239
245 1 0 _aRetórica y poética o literatura preceptiva /
_cpor Hipólito Casas y Gómez de Andino.
260 _aMadrid :
_b[s.n.,
_c1880?] (
_eValladolid :
_fEstero galvanoplastia de Gaviria)
300 _a279 p. ;
_c19 cm.
852 _aES-MaACL
_jB-2596
999 _c41991
_d41991